000 00869nam a2200277 4500
001
003 DO-SdBNP
005 20220511133836.0
008 140604s2004 sp 000 0 spad d
040 _aBPMSU
_bspa
_cBPMSU
082 _aR923
_bP967H
_222
100 1 _aSebba, Anne,
_d1951-
245 1 0 _aProtagonistas de la historia /
_cAnne Sebba ; prólogo de Carlos Amigo Vallejo
246 1 3 _aMadre Teresa de Calcuta :
_b más allá de la imagen
260 _aBarcelona :
_bBiblioteca ABC,
_c2004
300 _av. ;
_c23 cm.
490 0 _aProtagonistas de la historia
_v 24
500 _aIncluye índice
590 _6Inventariado,2022/VM
600 1 4 _aTeresa de Calcuta,
_d1910-1997.
_cMadre
650 4 _aPersonajes
_vBiografías
700 1 _a Arrabal, Fernando
_eprólogo
740 _aMadre Teresa de Calcuta
910 _aVMateo V
942 _2ddc
_cBK
999 _c14200
_d14200